000 00667nam a22002537a 4500
001 0179
003 DO-SdBNP
005 20180306095336.0
007 0179
008 151005b 200 1983 sp 00| 0 spa d
020 _a8474193109
040 _aBPMSU
_bspa
_cBPMSU
092 _aXXXX
_bXXXX
100 1 _aGoscinny, R.
240 1 3 _aLe fils d´Astérix
245 1 3 _aEl hijo de Astérix /
_cR. Goscinny, A. Uderzo ; traducción Víctor Mora
260 _aBarcelona :
_bJunior,
_c1983.
300 _a48 p :
_bil..
_c30 cm.
700 1 _aUderzo, A.
700 1 _aMora, Victor,
_etrad.
942 _2ddc
_cBK
945 _aInventariado, 2018/MFF
956 _aYngrid Lockward
999 _c9269
_d9269